000
00277nam a2200109Ia 4500
008
190216s9999||||xx |||||||||||||| ||und||
100
_a
Kurup K K N
245
0
_a
Arya Dravida Gadagangal Malabarile Nadan Kalayil
260
_b
Bhasha Institute
650
_a
History
942
_c
BK
999
_c
19828
_d
19828